000 00739cam a22002053a 4500
001 44466
003 PGUSA
005 20140828084021.0
008 131219s2013||||xxu|||||s|||||000 | eng d
040 _aPGUSA
_beng
042 _adc
100 1 _aZahm, Albert Francis
245 1 4 _aThe First Man-Carrying Aeroplane Capable of Sustained Free Flight :
_bLangley's Success as a Pioneer in Aviation : From the Smithsonian Report for 1914, pages 217-222, Publication 2329, 1915
_h[electronic resource] /
_cAlbert Francis Zahm
260 _bProject Gutenberg,
_c2013
506 _aPublic domain in the USA.
516 _aElectronic text
830 0 _aProject Gutenberg
_v44466
856 4 0 _uhttp://www.gutenberg.org/ebooks/44466
942 _cEB
999 _c273717
_d273717